| 000 | 00604nam a22001817a 4500 | ||
|---|---|---|---|
| 999 |
_c11977 _d11977 |
||
| 008 | 210909b ||||| |||| 00| 0 eng d | ||
| 020 | _a9789280100525 | ||
| 082 |
_a343.09322 _bIMO |
||
| 100 | _aInternational Maritime Organization | ||
| 245 | _aIMDG code : International maritime dangerous goods code : supplement | ||
| 250 | _a2020 Ed. | ||
| 260 |
_aLondon _bInternational Maritime Organization _c2020 |
||
| 300 | _av, 476p. | ||
| 650 | _aHazardous substances--Transportation--Law and legislation | ||
| 650 | _aRadioactive substances--Safety regulations | ||
| 650 | _aShips--Cargo | ||
| 942 | _cBK | ||